| 000 | 00349nam a22001457a 4500 | ||
|---|---|---|---|
| 020 | _a9780132258715 | ||
| 082 | _a539.2 STA | ||
| 100 | _aStaelin, David H. | ||
| 245 | _aElectromagnetic waves | ||
| 260 |
_aPrentice Hall ; _bNew Jersey _c1998 |
||
| 300 |
_aix, 562p. : _e22 cm |
||
| 650 | _aElectrodynamics | ||
| 700 | _aDavid H.Staelin | ||
| 942 | _cBK | ||
| 999 |
_c11797 _d11797 |
||